Romeo's "But soft" Speech - Statistics

General Stats
  • This quiz has been taken 625 times
  • The average score is 102 of 204
Answer Stats
Answer % Correct
a
97%
I
95%
so
93%
the
93%
The
93%
But
92%
but
92%
is
87%
soft,
87%
what
83%
What
83%
and
82%
And
82%
Juliet
81%
O,
81%
It
78%
it.
78%
it
78%
sun.
75%
sun,
75%
light
74%
yonder
72%
Be
71%
window
70%
breaks?
66%
love
66%
Who
66%
her
65%
Her
65%
she.
65%
she
65%
She
65%
to
65%
To
65%
my
64%
do
58%
moon,
58%
That
58%
that
58%
that?
58%
East
57%
not
57%
of
56%
me
55%
through
55%
in
52%
thou
52%
As
47%
am
46%
if
45%
how
43%
night.
43%
wear
43%
would
43%
Would
43%
with
42%
eye
41%
See
41%
fair
40%
there,
40%
were!
40%
were
40%
will
40%
than
38%
art
37%
they
37%
too
37%
hand.
36%
hand,
36%
stars
35%
eyes
34%
all
33%
doth
33%
'Tis
33%
upon
33%
Arise,
32%
more
32%
might
31%
bright
30%
envious
30%
envious.
30%
kill
30%
their
30%
Two
29%
knew
28%
maid,
28%
maid
28%
pale
28%
touch
28%
cheek
27%
cheek!
27%
glove
27%
lady.
27%
off.
27%
sick
27%
yet
27%
nothing.
26%
far
25%
head?
25%
heaven,
25%
heaven
25%
speaks,
25%
speaks.
25%
think
25%
those
25%
says
24%
green,
23%
some
23%
none
22%
birds
21%
Cast
21%
sing
21%
already
20%
bold.
20%
fools
20%
grief
20%
lamp;
20%
vestal
20%
stream
18%
fairest
17%
daylight
16%
leans
16%
return.
15%
spheres
15%
brightness
14%
livery
12%
twinkle
12%
til
11%
answer
4%
since
4%
business,
1%
discourses;
1%
entreat
1%
Having
1%
shame
1%
airy
0%
region
0%
No matching quizzes found
Score Distribution
Percent of People with Each Score
Percentile by Number Answered
Your Score History
You have not taken this quiz